Verificación del funcionamiento de los protocolos de enrutamiento por medio de escenarios simulados como apoyo educativo
Furkejuvvon:
| Váldodahkki: | |
|---|---|
| Eará dahkkit: | |
| Materiálatiipa: | Girji |
| Giella: | Spanish |
| Almmustuhtton: |
[San José], Costa Rica
2016
|
| Fáttát: | |
| Fáddágilkorat: |
Lasit fáddágilkoriid
Eai fáddágilkorat, Lasit vuosttaš fáddágilkora!
|
MARC
| LEADER | 00000nam a22000007a 4500 | ||
|---|---|---|---|
| 003 | 012429 | ||
| 005 | 20230913133716.0 | ||
| 008 | 160726b2016 cr a|||| |||| 00| ||spa d | ||
| 040 | |c cru CEDI | ||
| 090 | |a TFG 7587 | ||
| 100 | |9 742 |a Benavides Ramírez, Yeison, 1991- | ||
| 245 | |a Verificación del funcionamiento de los protocolos de enrutamiento por medio de escenarios simulados como apoyo educativo | ||
| 260 | |a [San José], Costa Rica |c 2016 | ||
| 300 | |a xxiii,313 hojas ; ilustraciones | ||
| 500 | |a Tesis de graduación (licenciatura en ingeniería eléctrica)--Universidad de Costa Rica. Facultad de Ingeniería. Escuela de Ingeniería Eléctrica | ||
| 501 | |a Director de Tesis de Graduación: Eduardo Navas Carro, M.Sc. | ||
| 650 | |x PROTOCOLOS DE REDES DE COMPUTADORAS |x ENRUTAMIENTO (ADMINISTRACIÓN DE REDES DE COMPUTADORAS) |x PROTOCOLOS DE ENRUTAMIENTO (PROTOCOLOS DE REDES DE COMPUTADORAS) |x SISTEMAS DE TRANSMISION DE DATOS |x PROCESAMIENTO ELECTRONICO DE DATOS |x REDES DE TELECOMUNICACIONES |9 5256 | ||
| 700 | |9 1497 |a Navas Carro, Eduardo, 1960- |d Director del TFG | ||
| 942 | |c CEDI | ||
| 999 | |c 17010 |d 17010 | ||
